In vitro hodnotenie fotoprotekcie kozmetických prípravkov – porovnanie s metódou in vivo

Gespeichert in:
Bibliographische Detailangaben
1. Verfasser: Hamranová, Veronika (Verfasst von)
Weitere Verfasser: Hojerová, Jarmila (Betreuung Doktorarbeit)
Format: Manuskript Buch
Sprache:Slowakisch
Veröffentlicht: 2020
Schlagworte:
Online-Zugang:http://is.stuba.sk/zp/portal_zp.pl?podrobnosti=150733
Tags: Tag hinzufügen
Keine Tags, Fügen Sie das erste Tag hinzu!

MARC

LEADER 00000ntm a22000003a 4500
001 stuzp77113
003 SK-STU
005 20200627210304.8
007 ta
008 150427s2015----xo-----f-mn---000-0-slo-d
040 |a STU  |b slo 
041 0 |a slo 
100 1 |a Hamranová, Veronika  |u 040250  |4 aut  |U FCHPT Ústav potravinárstva a výživy  |T FCHPT Oddelenie potravinárskej technológie  |X 82137  |U C0250  |Y 685  |7 82137 
242 0 1 |a In vitro evaluation of photoprotection of cosmetic products – comparison with in vivo method  |y eng 
245 1 0 |a In vitro hodnotenie fotoprotekcie kozmetických prípravkov – porovnanie s metódou in vivo 
260 |c 2020 
650 4 |a UV žiarenie  |2 slo 
650 4 |a koža  |2 slo 
650 4 |a prípravky na opaľovanie  |2 slo 
650 4 |a SPF  |2 slo 
650 4 |a Mansurova zrieďovacia spektrofotometrická metóda  |2 slo 
650 4 |a skin  |2 eng 
650 4 |a sunscreens  |2 eng 
650 4 |a Sun Protection Factor  |2 eng 
650 4 |a UV radiation  |2 eng 
650 4 |a Mansur dilution spectrophotometric method  |2 eng 
700 1 |a Hojerová, Jarmila  |u 040250  |k Z1  |4 ths  |U FCHPT Ústav potravinárstva a výživy  |T FCHPT Oddelenie potravinárskej technológie  |X 3324  |U C0250  |Y 685  |7 A000003324 
856 4 |u http://is.stuba.sk/zp/portal_zp.pl?podrobnosti=150733